000
00298nam a22001217a 4500
040
_c
RUA
082
_a
RUA EIL 2014 C160 Or.
100
_a
EILEEN MCCORMICK,
245
_a
Annual Report 2013
260
_a
PHNOM PENH
_b
RUA
_c
2013
300
_a
30p.
_b
ill.
_c
29cm.
942
_c
របាយការណ៍
999
_c
25519
_d
25519